Modern homes illustrated (Record no. 170829)

MARC details
000 -LEADER
fixed length control field 00784nam a22002537a 4500
003 - CONTROL NUMBER IDENTIFIER
control field OSt
005 - DATE AND TIME OF LATEST TRANSACTION
control field 20240722132746.0
008 - FIXED-LENGTH DATA ELEMENTS--GENERAL INFORMATION
fixed length control field 240715b |||||||| |||| 00| 0 eng d
020 ## - INTERNATIONAL STANDARD BOOK NUMBER
International Standard Book Number [Not Defined ](hardcover)
040 ## - CATALOGING SOURCE
Original cataloging agency NUST
Language of cataloging eng
Transcribing agency NUST
Modifying agency NUST
Description conventions rda
050 ## - LIBRARY OF CONGRESS CALL NUMBER
Classification number TX295 MOD
245 ## - TITLE STATEMENT
Title Modern homes illustrated
260 ## - PUBLICATION, DISTRIBUTION, ETC.
Place of publication, distribution, etc. London :
Name of publisher, distributor, etc. Odhams Press Limited,
300 ## - PHYSICAL DESCRIPTION
Extent Lvi, Lxxii,319 pages ;
Other physical details Illustrations ;
Dimensions 23 cm.
336 ## - CONTENT TYPE
Source rdamedia
Content type term text
Content type code txt
337 ## - MEDIA TYPE
Source rdamedia
Media type term unmediated
Media type code n
338 ## - CARRIER TYPE
Source rdamedia
Carrier type term volume
Carrier type code nc
504 ## - BIBLIOGRAPHY, ETC. NOTE
Bibliography, etc. note Includes bibliographical references and index.
650 ## - SUBJECT ADDED ENTRY--TOPICAL TERM
Form subdivision Architectural design.
650 ## - SUBJECT ADDED ENTRY--TOPICAL TERM
Form subdivision Modern Homes
650 ## - SUBJECT ADDED ENTRY--TOPICAL TERM
Form subdivision Architecture
700 ## - ADDED ENTRY--PERSONAL NAME
Personal name Yearbury, F. R
Relator term Editor
942 ## - ADDED ENTRY ELEMENTS (KOHA)
Source of classification or shelving scheme Library of Congress Classification
Koha item type Ordinary Loan Books
Classification part Z5943.A72MOD
Call number prefix Z
Call number suffix MOD
Suppress in OPAC No
Holdings
Withdrawn status Lost status Source of classification or shelving scheme Damaged status Not for loan Home library Current library Shelving location Date acquired Source of acquisition Cost, normal purchase price Total Checkouts Full call number Barcode Date last seen Accession number Cost, replacement price Price effective from Koha item type Public note
    LCC     MAIN FOBE GEN 07/15/2024 National Gallery of Zimbabwe 80.00   TX295 MOR 92004056890 07/15/2024 59417 80.00 07/15/2024 BOOKS Donation